000 00600nam a2200217Ia 4500
003 OSt
005 20220923230807.0
006 a|||||r|||| 00| 0
007 ta
008 Pun
024 _a305,583
037 _cTextual
040 _aARTS
_cARTS
_bPun
041 _2Pun
_aPun
082 _aQ8441xI69:g, 153M9
100 _aਤਿਵਾੜੀ, ਵਿFਵਾਨਾਥ
245 0 _aਨਾ ਕੋ ਹਿੰਦੂ ਨਾ ਮੁਸਲਮਾਨ
260 _c1989
942 _hQ8441xI69:g, 153M9
_cTEXL
_2CC
999 _c387375
_d387375